MARC

Tag First Indicator Second Indicator Subfields
LEADER 00000cam a2200000 i 4500
001 in00005632004
006 m o d
007 cr bn||||uuuuu
007 cr nn||||auauu
008 811124s1963 iluch o 000 0aeng d
005 20250331200900.0
010 |a  73285933  
035 |a (OCoLC)ocm56754767  
040 |a JHE  |b eng  |e pn  |c JHE  |d OCLCQ  |d OCLCF  |d OCLCO  |d OCLCQ  |d ALSTP  |d OCLCQ  |d OCL  |d OCLCQ  |d OCL  |d INT  |d OCLCQ  |d WYU  |d OCL  |d OCLCO  |d OCLCQ  |d OCL  |d RBN  |d OCLCO  |d OCLCL 
019 |a 593573089  |a 1053527361  |a 1065926628  |a 1328743479 
035 |a (OCoLC)56754767  |z (OCoLC)593573089  |z (OCoLC)1053527361  |z (OCoLC)1065926628  |z (OCoLC)1328743479 
043 |a n-us--- 
050 4 |a E601  |b .B7 
049 |a TXAM 
100 1 |a Bonney, Philip C. 
245 1 4 |a The Civil War letters of Pvt. :  |b P.C. Bonney. 
260 |a [Lawrenceville, Ill.],  |c [1963] 
300 |a 1 online resource ([13] pages) :  |b facsimiles, portrait 
336 |a text  |b txt  |2 rdacontent 
337 |a computer  |b c  |2 rdamedia 
338 |a online resource  |b cr  |2 rdacarrier 
588 0 |a Print version record. 
651 0 |a United States  |x History  |y Civil War, 1861-1865  |v Personal narratives. 
651 6 |a États-Unis  |x Histoire  |y 1861-1865 (Guerre de Sécession)  |v Récits personnels. 
651 7 |a United States  |2 fast  |1 https://id.oclc.org/worldcat/entity/E39PBJtxgQXMWqmjMjjwXRHgrq 
647 7 |a American Civil War  |c (United States :  |d 1861-1865)  |2 fast  |1 https://id.oclc.org/worldcat/entity/E39Qhp4vB9RxkMwD8h64CPrTGb 
648 7 |a 1861-1865  |2 fast 
655 7 |a Electronic books.  |2 local 
655 7 |a autobiographies (literary works)  |2 aat 
655 7 |a Autobiographies  |2 fast 
655 7 |a History  |2 fast 
655 7 |a Personal narratives  |2 fast 
655 7 |a Autobiographies.  |2 lcgft 
655 7 |a Personal narratives.  |2 lcgft 
655 7 |a Autobiographies.  |2 rvmgf 
655 7 |a Récits personnels.  |2 rvmgf 
710 2 |a Alexander Street (Firm) 
730 0 |a American Civil War, letters and diaries. 
776 0 8 |i Print version:  |a Bonney, Philip C.  |t Civil War letters of Pvt.  |d [Lawrenceville, Ill., 1963]  |w (DLC) 73285933 
830 0 |a American Civil War, letters and diaries. 
856 4 0 |u http://proxy.library.tamu.edu/login?url=https://www.aspresolver.com/aspresolver.asp?CWLD;S1774;parent  |z Connect to the full text of this electronic book  |t 0 
936 |a BATCHLOAD 
955 |a Alexander Street - The American Civil War Letters and Diaries 
994 |a 92  |b TXA 
999 f f |s c7f3a956-e3d5-4ccd-86fe-3e95c44b6bd4  |i 55c3e015-f9cf-4047-bfbc-bea235889984  |t 0 
952 f f |a Texas A&M University  |b College Station  |c Electronic Resources  |d Available Online  |t 0  |e E601 .B7  |h Library of Congress classification 
998 f f |a E601 .B7  |t 0  |l Available Online